| 000 | 00431 a2200145 4500 | ||
|---|---|---|---|
| 999 |
_c1335 _d1335 |
||
| 020 | _a9780431124445 | ||
| 050 | _aHB 501 DOW 2003 | ||
| 100 |
_aDowning David _eAuthor |
||
| 245 |
_aCapitalism: _bPolitical and Economical Systems/ _cDavid Downing |
||
| 264 |
_aOxford: _bHeinemann Library, _c2002 |
||
| 300 |
_a64p. _bill.(col.) |
||
| 500 | _aIncludes index | ||
| 650 |
_aCapitalism _xJuvenile Literature |
||
| 942 |
_2lcc _cBK _h501 _iDOW _kHB |
||